|
|
|
|
| LEADER |
00735nam a22001817a 4500 |
| 020 |
|
|
|a 9788177052657
|
| 082 |
|
|
|a M3
|b ALP/C
|
| 100 |
|
|
|a Alphons Chirayinkeezhu
|9 51251
|
| 245 |
|
|
|a Charithrathil Idam Illathavar/
|c by Alphons Chirayinkeezhu
|
| 260 |
|
|
|a Thiruvananthapuram:
|b Prabhath book house,
|c 2014.
|
| 300 |
|
|
|a 152p.
|
| 650 |
|
|
|a Novel Malayalam
|9 51252
|
| 650 |
|
|
|a Literature Malayalam
|9 51253
|
| 650 |
|
|
|a Literature
|9 51254
|
| 942 |
|
|
|c BK
|
| 999 |
|
|
|c 72379
|d 72379
|
| 952 |
|
|
|0 0
|1 0
|4 0
|6 M_3_000000000000000_ALP_C
|7 0
|9 93089
|a SSUS
|b SSUS
|c STACKS
|d 2018-06-14
|o M3 ALP/C
|p 090276
|r 2018-06-14
|w 2018-06-14
|y BK
|
| 952 |
|
|
|0 0
|1 0
|4 0
|6 M_3_000000000000000_ALP_C
|7 0
|9 93090
|a SSUS
|b SSUS
|c STACKS
|d 2018-06-14
|o M3 ALP/C
|p 090277
|r 2018-06-14
|w 2018-06-14
|y BK
|